Phloic rays in Hevea brasiliensis with reference to tapping panel dryness and yield stimulation (Record no. 49572)

MARC details
000 -LEADER
fixed length control field 00567nam a2200145Ia 4500
100 ## - MAIN ENTRY--AUTHOR NAME
Personal name Thomas V
245 #0 - TITLE STATEMENT
Title Phloic rays in Hevea brasiliensis with reference to tapping panel dryness and yield stimulation
260 ## - PUBLICATION, DISTRIBUTION, ETC. (IMPRINT)
Name of publisher IRC 2012. International Rubber Conference, 28-31 October 2012, Kovalam, India, Rubber Research Institute of India, Kottayam and IRRDB, Malaysia: Abstracts. pp.56-57.
650 ## - SUBJECT ADDED ENTRY--TOPICAL TERM
Topical Term Tapping panel dryness
650 ## - SUBJECT ADDED ENTRY--TOPICAL TERM
Topical Term Yield stimulation
700 ## - ADDED ENTRY--PERSONAL NAME
Personal name Pramod S
700 ## - ADDED ENTRY--PERSONAL NAME
Personal name Rao K S
942 ## - ADDED ENTRY ELEMENTS (KOHA)
Koha item type Bibliography STAF
Holdings
Withdrawn status Lost status Damaged status Not for loan Home library Current library Shelving location Date acquired Koha item type
      Bibliography RRII Library RRII Library Crop imporvement 15/04/2003 Bibliography STAF